AFL Players by Team History - Statistics

General Stats
  • This quiz has been taken 26 times
  • The average score is 11 of 26
Answer Stats
Year Debuted Teams Answer % Correct
2002 Geelong > Gold Coast > Geelong Gary Ablett
88%
2015 Melbourne > Fremantle > GWS Jesse Hogan
76%
2013 Sydney > Hawthorn > Collingwood Tom Mitchell
76%
1983 St Kilda > Sydney Tony Lockett
71%
2006 Essendon > Port Adelaide > St Kilda Paddy Ryder
65%
2014 GWS > Fremantle > Bulldogs Rory Lobb
65%
2012 GWS > Collingwood > Bulldogs Adam Treloar
59%
2010 Adelaide > Hawthorn > Brisbane Jack Gunston
59%
2013 Gold Coast > Hawthorn > Fremantle Jaeger O'Meara
59%
2011 Gold Coast > St Kilda > West Coast > Sydney Tom Hickey
53%
2012 Hawthorn > Fremantle > St Kilda Bradley Hill
47%
2014 Brisbane > Collingwood > Fremantle James Aish
47%
2005 Hawthorn > Sydney Lance Franklin
47%
2002 Hawthorn > Brisbane Luke Hodge
47%
2017 Richmond > Adelaide > Geelong Tyson Stengle
47%
2011 Gold Coast > Geelong > Richmond Josh Caddy
35%
2006 Bulldogs > North Melbourne > Geelong Shaun Higgins
35%
2016 Brisbane > Bulldogs > Melbourne Josh Schache
29%
2001 North Melbourne > West Coast Drew Petrie
24%
2012 GWS > Richmond > Essendon > Gold Coast Jacob Townsend
24%
2004 Adelaide > Bulldogs > Brisbane > Collingwood Ben Hudson
18%
1990 Fitzroy > West Coast > St Kilda > Essendon > Fremantle Dale Kickett
12%
2012 Geelong > Brisbane > North Melbourne Josh Walker
12%
2012 GWS > Melbourne > Hawthorn Sam Frost
12%
1994 Essendon > Port Adelaide > West Coast > Collingwood Scott Cummings
12%
1993 Melbourne > Fitzroy > North Melbourne > Brisbane Martin Pike
6%
No matching quizzes found
Score Distribution
Percent of People with Each Score
Percentile by Number Answered
Your Score History
You have not taken this quiz